00403nam a2200133Ia 4500008004100000082001400041100002200055245004100077260001800118600001200136942000700148952009700155999001700252241002s9999 xx 000 0 und d a921.2 RUS aRussell, Bertrand 4aThe Autobiography of Bertand Russell aLondon:c1971 aHistory cUC 00104070aUITUbUITUd1994-01-01l0o921.2 RUSpUC486r2024-10-02 09:31:22w2024-10-02yUC c18813d18813